Upravlenije kolebanijami /

Gespeichert in:
Bibliographische Detailangaben
Hauptverfasser: Akulenko, Leonid Denisovič (Verfasst von), Černousko, Feliks Leonidovič (Verfasst von), Sokolov, B.N (Verfasst von)
Format: Buch
Sprache:Russisch
Veröffentlicht: Moskva : Nauka, 1980
Schlagworte:
Tags: Tag hinzufügen
Keine Tags, Fügen Sie das erste Tag hinzu!

MARC

LEADER 00000nam a22000003a 4500
001 stu35310
005 20150617225730.9
008 920414s1980----xxr-----------------rus-d
040 |a STU  |b slo 
041 0 |a rus 
044 |a xxr 
080 |a 621.37  |7 stu_us_auth*stu7877 
100 1 |a Akulenko, Leonid Denisovič  |4 aut 
245 1 |a Upravlenije kolebanijami /  |c [aut.]F.L. Černousko, L.D. Akulenko, B.N. Sokolov 
260 |a Moskva :  |b Nauka,  |c 1980 
300 |a 383 s 
650 7 |a Kmity elektromagnetické  |2 stusub 
700 1 |a Černousko, Feliks Leonidovič  |4 aut 
700 1 |a Sokolov, B.N  |4 aut 
996 |b 284M003316  |c M*4428-1  |l MMKN  |s A  |a 24  |w stu35310_0001